| 000 | 01385nam a22003257a 4500 | ||
|---|---|---|---|
| 999 |
_c8533 _d8533 |
||
| 003 | AR-CdUCM | ||
| 008 | 190325b ||||| |||| 00| 0 spa d | ||
| 020 | _a9972-691-58-6 | ||
| 040 |
_aMUNICIPALIDAD PROVINCIAL DEL CUSCO _cBIBLIOTECA MUNICIPAL DEL CUSCO |
||
| 082 |
_a363.82 / _bL47 |
||
| 100 |
_aLeopold Mayer, Charles _923897 |
||
| 245 |
_aNutrición y políticas públicas : _bpropuestas para un nuevo enfoque de las problemáticas alimentarias / |
||
| 260 |
_aParis : _aCusco : _bEdiciones Charles Léopold Mayer, _bAlianza por un Mundo Responsable, Plural y Solidario, _bCentro de Estudios Regionales Andinos Bartolomé de las Casas, _c2003. |
||
| 300 |
_a106 paginas ; _c17 cm. |
||
| 440 |
_aDebate para otro Futuro _n5 _923898 |
||
| 500 | _aPoliticas | ||
| 505 | _aContenido:Situación actual -- Nutrición | ||
| 650 |
_aNutrición _92384 |
||
| 650 |
_aPolitica Nutricional _923899 |
||
| 650 |
_aLiteratura _983 |
||
| 650 |
_aSiglo XX _98 |
||
| 700 |
_aLe Bihan, Geneviève _923900 |
||
| 700 |
_aDelpeuch, Francis _923901 |
||
| 700 |
_aMaire, Bernard _923902 |
||
| 710 |
_aFundación Charles Léopold Mayer para el Progreso del Hombre (París) _95596 |
||
| 710 |
_aCentro de Estudios Regionales Andinos Bartolomé de Las Casas (Cusco) _93306 |
||
| 710 |
_aAlianza por un Mundo Responsable, Plural y Solidario (París) _923903 |
||
| 942 |
_2ddc _cLIBROS |
||
| 945 | _apjha | ||